000 00972cab a22002055a 4500
001 L144034
008 080612s2008 xxkad f 000 0 eng d
035 _a(Sirsi) u144034
041 0 _aeng
100 1 _aEarly, Catherine
245 0 4 _aThe slow advance of managed retreat
260 _c2008
490 0 _aENDS Report
_v(400) May 2008, 36-39(4)
520 _aArgues that managed realignment (i.e. retreat) of the coastline can improve flood defences and wildlife habitats. Explains that it is necessary to engage with affected local communities and to resolve the compensation issues which arise, if the proposed scheme is to be successful. Map shows managed retreat schemes in Britain carried out to date.
590 _aKA
651 4 _aEngland and Wales
_y1543-
690 _aPROPERTY-RURAL AND NATURAL ASSETS-RURAL AND NATURAL ASSET MANAGEMENT-COASTAL MANAGEMENT
690 _aENVIRONMENTAL AND LAND CONSULTANCY-WATER RESOURCE MANAGEMENT-FLOODING
942 _n0
999 _c80337
_d80337